| 000 | 02240nam0a22003611 4500 | ||
|---|---|---|---|
| 001 | rc\3018562 | ||
| 005 | 20250530013932.0 | ||
| 035 | _a(NLR Aleph) 007160774 | ||
| 090 |
_a7246870 _c7246870 |
||
| 100 | _a20110926d1936 |||y0rusy50 ca | ||
| 101 | 1 |
_arus _cger |
|
| 102 | _aRU | ||
| 105 | _aa z ||||| | ||
| 200 | 1 |
_aИсследование условий образования океанических соляных отложений в особенности Стассфуртских соляных залежей _fВант Гофф и В. Мейергоффер, Ян д'Анс, Е.Ф. Армстронг ... [и др.] _gПод ред. Г. Прехта и Э. Когена _gПер. с нем. под ред. А.В. Николаева _g[Предисл.: Н. Курнаков] |
|
| 210 |
_aЛенинград _cОнти. Химтеорет _d1936 _gтип. "Кр. печатник" |
||
| 215 |
_aПереплет, XXIV, 344 с., 8 вкл. л. черт. _cил., черт. _d23×15 см |
||
| 300 | _aНа переплете загл.: "Океанические соляные отложения" | ||
| 300 | _aДоб. тит. л.: "Untersuchungen über die Bildungsverhältnisse der ozeanischen Salzablagerungen insbesondere des Stassfurter Salzlagers von J.H. van't Hoff und W. Meyerhoffer, J. d'Ans, E.F. Armstrong ... [и др.] Herausgegeben von Prof. Dr. H. Precht und Prof. Dr. Ernst Cohen. Neustassfurt. Utrecht. Mit einer Gedächtnissrede auf van't Hoff von Prof. Dr. Emil Fischer exz ... Leipzig. 1912. Akad. Verlagsgesellschaft m. b. H." | ||
| 512 | 0 | 0 | _aОкеанические соляные отложения |
| 513 | 0 | 0 |
_aUntersuchungen über die Bildungsverhältnisse der ozeanischen Salzablagerungen insbesondere des Stassfurter Salzlagers _zger |
| 701 | 1 |
_aВант-Гофф _bЯ.Г. _gЯкоб Генрих |
|
| 701 | 1 |
_aМейергоффер _bВ. |
|
| 701 | 1 |
_aд'Анс _bЯ. _gЯн |
|
| 701 | 1 |
_aАрмстронг _bЕ.Ф. |
|
| 702 | 1 |
_aПрехт _bГ. _4340 |
|
| 702 | 1 |
_aКоген _bЭ. _4340 |
|
| 702 | 1 |
_aНиколаев _bА.В. _4340 |
|
| 702 | 1 |
_aКурнаков _bН. _4080 |
|
| 801 | 0 |
_aRU _bNLR _gpsbo |
|
| 801 | 1 |
_aRU _bELAR _2rusmarc |
|
| 852 |
_aNLR _j36-4/2070 |
||
| 942 | _cBOOK | ||
| 980 | _aNB | ||